000 00441nam a2200181Ia 4500
005 20250603144435.0
008 250603s9999 xx 000 0 und d
020 _a978-1-59784-250-1
050 _aDS 38.4 .A28 H3913/
100 _aHaylamaz, Reşit
245 0 _aAbu Bakr : the pinnacle of truthfulness
260 _aNew Jersey
260 _bTughra Books
260 _c2011
300 _a167 p
650 _aNew Jersey
942 _cBK
999 _c38928
_d38928